000 01231cam a22003134a 4500
999 _c129936
_d129936
001 12162612
003 ARRUPE
005 20191017100919.0
008 000901s2000 dcua b 000 0 eng
010 _a 00043960
020 _a0195216024
040 _aDLC
_cDLC
_dDLC
042 _apcc
043 _ad------
050 0 0 _aHC59.72.P6
_bC79 2000
082 0 0 _a305.5/69/091724
_221
245 0 0 _aCrying out for change :
_bvoices of the poor /
_cDeepa Narayan ... [et al.].
246 3 0 _aVoices of the poor
260 _aOxford ;
_aNew York :
_bPublished by Oxford University Press for the World Bank,
_cc2000.
300 _axvi, 314 p. :
_bill. ;
_c24 cm.
504 _aIncludes bibliographical references.
650 0 _aPoor
_zDeveloping countries
_vCase studies.
_948402
650 0 _aSocial change
_zDeveloping countries
_vCase studies.
_948403
700 1 _aNarayan-Parker, Deepa.
_946054
856 4 2 _3Publisher description
_uhttp://www.loc.gov/catdir/enhancements/fy0610/00043960-d.html
906 _a7
_bcbc
_corignew
_d1
_eocip
_f20
_gy-gencatlg
942 _2lcc
_cMONOGRAPH